000 00425nam a2200169Ia 4500
005 20250423095325.0
008 250422s9999 xx 000 0 und d
020 _a0- 471- 83950- 7
050 _aHF 5548.2 .H367/
100 _aPaul Harman
245 0 _aExpert systems tools and applications
260 _bJohn Wiley and Sons
260 _c1988
300 _a289 p
650 _aBusiness- data processing
942 _cBK
999 _c29928
_d29928